Estatísticas para América do Sul - Quiz de mapa

Clique aqui para jogar o quiz

Estatísticas Gerais

  • Esse quiz foi jogado 126 vezes
  • A pontuação média é 11 de 12

Respostas no mapa

Respostas codificadas por cores de uma escala verde-vermelha no mapa do quiz de acordo com a % correta abaixo.
 

Estatísticas das Respostas

Resposta% Correto
Brasil
98%
Argentina
94%
Paraguai
92%
Uruguai
92%
Chile
91%
Guiana
91%
Bolívia
90%
Equador
90%
Peru
90%
Colômbia
85%
Venezuela
82%
Suriname
80%

Distribuição das Pontuações

Percentil de Números Respondidos

Porcentagem de Pessoas com Cada Pontuação

Sua Pontuação Histórica

Você não jogou esse quiz